La ética en Aristóteles o la moral de la virtud.
Uloženo v:
| Hlavní autor: | |
|---|---|
| Médium: | Kniha |
| Jazyk: | španělština |
| Vydáno: |
Buenos Aires, Argentina:
EUDEBA,
1997.
|
| Témata: | |
| Tagy: |
Přidat tag
Žádné tagy, Buďte první, kdo vytvoří štítek k tomuto záznamu!
|
MARC
| LEADER | 00000nam a2200000 a 4500 | ||
|---|---|---|---|
| 001 | UCN7567 | ||
| 003 | CL-VaPUC | ||
| 005 | 20241127085255.0 | ||
| 008 | 011018e19970000AG |||||||||||||||||spa|d | ||
| 999 | |c 297811 |d 297809 | ||
| 020 | |a 950-23-0660-0 | ||
| 040 | |c Pontificia Universidad Católica de Valparaíso | ||
| 082 | 0 | 4 | |a 185 GUA 1997 |2 21 |
| 100 | |a Guariglia, Osvaldo |e autor |9 463494 | ||
| 245 | 1 | 3 | |a La ética en Aristóteles o la moral de la virtud. |
| 260 | |a Buenos Aires, Argentina: |b EUDEBA, |c 1997. | ||
| 300 | |a 394 páginas. | ||
| 500 | |a c.2 Donación Familia Prof. Alejandro Guzmán Brito. | ||
| 583 | |a last modification |c 20121002 11:51:44 |k Rodrigo Vera | ||
| 600 | 0 | |a Aristóteles, |d 384 a.C.- 322 a.C. |9 194 | |
| 650 | 0 | |a Filosofía moral |9 310115 | |
| 650 | 0 | |a Ética |9 255099 | |
| 650 | 0 | |a Filosofía griega |9 265579 | |
| 650 | 0 | |a Filosofía antigua |9 255705 | |
| 942 | |c BK |2 ddc |n 0 | ||
| 945 | |d 20011018 00:00:00 |a crobeson | ||
| 952 | |0 0 |1 0 |4 0 |6 185_000000000000000_GUA_1997 |7 0 |8 A |9 352819 |a BIBEDU |b BIBEDU |d 2019-11-21 |i 3763730 |o 185 GUA 1997 |p 3763730 |r 2019-11-21 |w 2019-11-21 |y BK |k FIL | ||